000 00672nam a22002057a 4500
999 _c525999
_d525999
003 NUST
005 20190708045409.0
008 190708b ||||| |||| 00| 0 eng d
038 _awaseem
082 _a909
_bFAR
100 _aFarooq, Umar
_916952
245 _aJanbdari :
_bJadeed tanazar main ak mutaliya /
_cUmar Farooq
260 _aIslamabad :
_bPoorab akadmi,
_c2008.
300 _a176 p. ;
500 _aHardcover.
880 _6100-01\r
_aعمر فاروق قاضی
880 _6245-02\r
_aجانبداری : جدید تناظر میں ایک مطالعہ /
880 _6260-03\r
_aاسلام آباد :
_bپورب اکادمی,
_c۲۰۰۸.
942 _2ddc
_cBK